书目信息 |
| 题名: |
范文创作谈
|
|
| 作者: | 许靖江 , 张冒华 编 | |
| 分册: | 高中一年级 | |
| 出版信息: | 北京 中国文联出版公司 1985 |
|
| 页数: | 92页 | |
| 开本: | 19cm | |
| 丛书名: | ||
| 单 册: | ||
| 中图分类: | H193.6 | |
| 科图分类: | ||
| 主题词: | 汉语--语言教学 | |
| 电子资源: | ||
| ISBN: | ||
| 000 | 00703nam0 2200253 45 | |
| 001 | 0185013212 | |
| 005 | 20040426141257.2 | |
| 010 | @dCNY0.46 | |
| 091 | @a10355.186 | |
| 100 | @a19951030d1985 em y0chiy0121 ea | |
| 101 | 0 | @achi |
| 102 | @aCN@b110000 | |
| 105 | @ay z 000yy | |
| 106 | @ar | |
| 200 | 10 | @a范文创作谈@e课文作者谈创作@i高中一年级@Afan wen chuang zuo tan@f许靖江,张冒华编 |
| 210 | @a北京@c中国文联出版公司@d1985 | |
| 215 | @a92页@d19cm | |
| 606 | 0 | @a汉语@x语言教学 |
| 690 | @aH193.6 | |
| 701 | 0 | @a许靖江@4编@Axu jing jiang |
| 701 | 0 | @a张冒华@4编@Azhang mao hua |
| 801 | 0 | @aCN@b深圳图书馆@c20040426 |
| 801 | 2 | @aCN@bNLC@c20040426 |
| 905 | @f2@b172688-689@dH193.6@e115:1 | |
| 范文创作谈:课文作者谈创作.高中一年级/许靖江,张冒华编.-北京:中国文联出版公司,1985 |
| 92页;19cm |
| ISBN :CNY0.46 |
| ● |
| 相关链接 |
|
|
|
|
正题名:范文创作谈
索取号:H193.6/115:1
 
预约/预借
| 序号 | 登录号 | 条形码 | 馆藏地/架位号 | 状态 | 备注 |
| 1 | 0172688 | 000840987 | 第四借阅区/ [索取号:H193.6/115:1] | 在馆 | |
| 2 | 0172689 | 000841021 | 密集书库/ [索取号:H193.6/115:1] | 在馆 | |
| 3 | 0172690 | 000841030 | 第二样本阅览室/ [索取号:H193.6/115:1] | 在馆 |